[Event "Lignano Sabbiadoro op 2nd"]
[Site "Lignano Sabbiadoro"]
[Date "2016.08.01"]
[Round "3"]
[White "Lain, Luigi"]
[Black "Barberi, Alessandro"]
[Result "1-0"]
[WhiteElo "2227"]
[BlackElo "2082"]
[PlyCount "55"]
[EventDate "2016.07.31"]
[EventType "swiss"]
[EventRounds "9"]
[EventCountry "ITA"]
[SourceTitle "CBM 173 Extra"]
[Source "ChessBase"]
[SourceDate "2016.08.29"]
[SourceVersion "1"]
[SourceVersionDate "2016.08.29"]
[SourceQuality "1"]

1. d4 g6 2. c4 Bg7 3. e4 d6 4. Nc3 Nd7 5. Be3 e5 6. d5 Ne7 7. Bd3 0-0 8. Nge2 f5 9. f3 f4 10. Bf2 c5 11. dxc6 bxc6 12. Qd2 Qc7 13. 0-0 Rd8 14. Rfd1 Nf8 15. b4 Be6 16. Rac1 g5 17. c5 d5 18. exd5 cxd5 19. Nb5 Qd7 20. Nd6 a6 21. Nc3 Nc8 22. Nxc8 Qxc8 23. Na4 e4 24. Nb6 Qb7 25. c6 e3 26. cxb7 exd2 27. bxa8Q dxc1Q 28. Rxc1 1-0

[Event "Plancoet op-A 10th"]
[Site "Plancoet"]
[Date "2013.07.30"]
[Round "3"]
[White "Barberi, Alessandro"]
[Black "Bryzgalin, Kirill"]
[Result "0-1"]
[WhiteElo "2051"]
[BlackElo "2470"]
[PlyCount "62"]
[EventDate "2013.07.28"]
[EventType "swiss"]
[EventRounds "9"]
[EventCountry "FRA"]
[SourceTitle "EXT 2017"]
[Source "ChessBase"]
[SourceDate "2016.10.25"]
[SourceVersion "1"]
[SourceVersionDate "2016.10.25"]
[SourceQuality "1"]

1. d4 Nf6 2. Nf3 d6 3. g3 b5 4. Bg2 Bb7 5. b3 Nbd7 6. c4 bxc4 7. bxc4 e6 8. Nc3 Nb6 9. Qb3 Rb8 10. Rb1 Be7 11. 0-0 0-0 12. Rd1 Ba6 13. c5 Nbd5 14. Qxb8 Qxb8 15. Rxb8 Rxb8 16. Nxd5 Nxd5 17. cxd6 cxd6 18. Bf1 Nc3 19. Rd2 Rb1 20. Rc2 Nxe2+ 21. Bxe2 Bxe2 22. Rc8+ Bf8 23. Kg2 Ba6 24. Rc7 Rb7 25. Rc8 Rd7 26. Rb8 Bb7 27. Ba3 h5 28. h3 g5 29. g4 h4 30. Bc1 f6 31. Bb2 Kf7 0-1

[Event "Monza und Brianza Province-ch"]
[Site "Barlassina"]
[Date "2012.02.05"]
[Round "4"]
[White "Monticelli, Francesco"]
[Black "Barberi, Alessandro"]
[Result "0-1"]
[WhiteElo "1690"]
[BlackElo "2060"]
[PlyCount "58"]
[EventDate "2012.02.03"]
[EventType "swiss"]
[EventRounds "5"]
[EventCountry "ITA"]
[SourceTitle "EXT 2024"]
[Source "ChessBase"]
[SourceDate "2023.10.10"]
[SourceVersion "1"]
[SourceVersionDate "2023.10.10"]
[SourceQuality "1"]

1. e4 g6 2. d4 Bg7 3. Nf3 d6 4. Bc4 a6 5. a4 b6 6. 0-0 e6 7. Re1 Bb7 8. Nc3 Nd7 9. Bf4 Ne7 10. Qd2 h6 11. h3 Nf6 12. Rad1 Qd7 13. b4 g5 14. Bh2 g4 15. hxg4 Nxg4 16. Bg3 Ng6 17. Nh2 h5 18. Be2 h4 19. Bxd6 Nxf2 20. Kxf2 Qxd6 21. e5 Qxb4 22. Bg4 0-0-0 23. Qe3 Bh6 24. Qd3 Nf4 25. Qe3 Nxg2 26. Qh3 Nxe1 27. Bxe6+ fxe6 28. Qxe6+ Kb8 29. Rxe1 Qxc3 0-1

[Event "Monza und Brianza Province-ch"]
[Site "Barlassina"]
[Date "2012.02.04"]
[Round "3"]
[White "Barberi, Alessandro"]
[Black "Lapiccirella, Daniele"]
[Result "0-1"]
[WhiteElo "2060"]
[BlackElo "2235"]
[PlyCount "48"]
[EventDate "2012.02.03"]
[EventType "swiss"]
[EventRounds "5"]
[EventCountry "ITA"]
[SourceTitle "EXT 2024"]
[Source "ChessBase"]
[SourceDate "2023.10.10"]
[SourceVersion "1"]
[SourceVersionDate "2023.10.10"]
[SourceQuality "1"]

1. d4 d5 2. Nf3 Nf6 3. c4 c6 4. e3 e6 5. Nbd2 Nbd7 6. b3 Bd6 7. Bb2 b6 8. Bd3 0-0 9. 0-0 Bb7 10. Qe2 c5 11. Ne5 Qe7 12. Rad1 Rad8 13. f4 Ne4 14. cxd5 exd5 15. Nxe4 dxe4 16. Bb5 Nf6 17. Bc6 cxd4 18. exd4 Bxe5 19. fxe5 Bxc6 20. exf6 Qe6 21. fxg7 Rfe8 22. d5 Rxd5 23. Rf6 Qd7 24. Rdf1 Bb5 0-1

[Event "Milan Crespi op-A 32nd"]
[Site "Milan"]
[Date "2011.12.04"]
[Round "2"]
[White "Barberi, Alessandro"]
[Black "Andreoni, Giuseppe"]
[Result "1-0"]
[WhiteElo "2050"]
[BlackElo "2122"]
[PlyCount "51"]
[EventDate "2011.12.03"]
[EventType "swiss"]
[EventRounds "9"]
[EventCountry "ITA"]
[SourceTitle "EXT 2022"]
[Source "ChessBase"]
[SourceDate "2021.10.06"]
[SourceVersion "1"]
[SourceVersionDate "2021.10.06"]
[SourceQuality "1"]

1. d4 d5 2. Nf3 Nf6 3. e3 c5 4. b3 cxd4 5. exd4 Nc6 6. Bb2 Bg4 7. Be2 e6 8. 0-0 Bd6 9. Nbd2 0-0 10. c4 Rc8 11. Ne5 Bxe2 12. Qxe2 dxc4 13. bxc4 Ne7 14. f4 Ng6 15. Rf3 Bxe5 16. fxe5 Ng4 17. Ne4 Nh6 18. Nd6 Rc7 19. Rd1 b6 20. d5 Qh4 21. g3 Qh5 22. dxe6 Ng4 23. exf7+ Kh8 24. Rf5 Qh3 25. e6 Re7 26. Ne8 1-0

[Event "Porto San Giorgio op 23rd"]
[Site "Porto San Giorgio"]
[Date "2011.08.23"]
[Round "3"]
[White "Dietrich, Stefano"]
[Black "Barberi, Alessandro"]
[Result "0-1"]
[WhiteElo "1857"]
[BlackElo "2062"]
[PlyCount "68"]
[EventDate "2011.08.21"]
[EventType "swiss"]
[EventRounds "9"]
[EventCountry "ITA"]
[SourceTitle "CBM 144 Extra"]
[Source "ChessBase"]
[SourceDate "2011.10.28"]
[SourceVersion "1"]
[SourceVersionDate "2011.10.28"]
[SourceQuality "1"]

1. Nf3 g6 2. c4 Bg7 3. g3 e5 4. Nc3 Ne7 5. Bg2 0-0 6. 0-0 f5 7. d3 h6 8. Qb3 Nbc6 9. e3 Kh7 10. Bd2 d6 11. a4 Be6 12. Nd5 Rb8 13. Qa2 a5 14. Bc3 Qd7 15. Nd2 b6 16. b3 Bg8 17. Nxe7 Nxe7 18. f4 Rfe8 19. Qb2 c5 20. Rad1 Nc6 21. Nf3 Rbd8 22. Rfe1 Qc7 23. d4 e4 24. Nh4 Nb4 25. Bf1 d5 26. dxc5 Bxc3 27. Qxc3 Qxc5 28. Qf6 Rd6 29. Qd4 Qc7 30. Rd2 Red8 31. Red1 Nd3 32. Bh3 dxc4 33. Qc3 Qc5 34. Nxf5 gxf5 0-1

[Event "Porto San Giorgio op 23rd"]
[Site "Porto San Giorgio"]
[Date "2011.08.22"]
[Round "2"]
[White "Barberi, Alessandro"]
[Black "Fierro Baquero, Martha Lorena"]
[Result "0-1"]
[WhiteElo "2062"]
[BlackElo "2381"]
[PlyCount "130"]
[EventDate "2011.08.21"]
[EventType "swiss"]
[EventRounds "9"]
[EventCountry "ITA"]
[SourceTitle "CBM 144 Extra"]
[Source "ChessBase"]
[SourceDate "2011.10.28"]
[SourceVersion "1"]
[SourceVersionDate "2011.10.28"]
[SourceQuality "1"]

1. d4 g6 2. e4 Bg7 3. Nc3 c5 4. Be3 Qa5 5. Qd2 Nf6 6. f3 cxd4 7. Bxd4 Nc6 8. Be3 0-0 9. Bc4 d6 10. Nge2 Bd7 11. 0-0-0 Rfc8 12. Kb1 Ne5 13. Bb3 Nc4 14. Bxc4 Rxc4 15. Nd5 Qxd2 16. Rxd2 Nxd5 17. exd5 b5 18. g4 a5 19. h4 h6 20. Rg1 Re8 21. h5 gxh5 22. gxh5 Kh7 23. Bd4 Rg8 24. b3 Rcc8 25. Rxg7+ Rxg7 26. Bxg7 Kxg7 27. Rd4 Bf5 28. Rd2 Kf6 29. Nd4 Bd7 30. Kb2 Rg8 31. c4 bxc4 32. bxc4 Rg5 33. Rh2 Re5 34. Rh4 Rg5 35. Rf4+ Kg7 36. Re4 Kf8 37. Rh4 e5 38. Nb3 a4 39. Nd2 Ke7 40. Kc3 f5 41. Rh1 Rg3 42. Kb4 Rg2 43. Rd1 Be8 44. c5 dxc5+ 45. Kxc5 Bxh5 46. d6+ Ke6 47. Nc4 Be8 48. Re1 e4 49. fxe4 f4 50. Rf1 Rg4 51. e5 h5 52. Nb6 Rg5 53. Nc4 Rg4 54. Rb1 f3 55. Rb7 Bd7 56. Nb6 Rg7 57. Nxd7 Rxd7 58. Rb8 Rf7 59. Re8+ Kd7 60. Ra8 f2 61. Kd5 Rf5 62. Ra7+ Ke8 63. Ra8+ Kf7 64. d7 f1Q 65. d8Q Qb5+ 0-1

[Event "Porto San Giorgio op 23rd"]
[Site "Porto San Giorgio"]
[Date "2011.08.21"]
[Round "1"]
[White "Del Nevo, Claudio"]
[Black "Barberi, Alessandro"]
[Result "0-1"]
[WhiteElo "1831"]
[BlackElo "2062"]
[PlyCount "124"]
[EventDate "2011.08.21"]
[EventType "swiss"]
[EventRounds "9"]
[EventCountry "ITA"]
[SourceTitle "CBM 144 Extra"]
[Source "ChessBase"]
[SourceDate "2011.10.28"]
[SourceVersion "1"]
[SourceVersionDate "2011.10.28"]
[SourceQuality "1"]

1. d4 g6 2. Nf3 Bg7 3. c3 f5 4. h3 d6 5. Bg5 Nf6 6. Bxf6 Bxf6 7. e3 0-0 8. Bd3 e5 9. dxe5 dxe5 10. Nbd2 Be6 11. Qe2 Nd7 12. Bc4 Bf7 13. Bxf7+ Rxf7 14. 0-0-0 e4 15. Nd4 c5 16. Ne6 Qa5 17. Kb1 Qb6 18. Nf4 Bg7 19. Nc4 Qa6 20. Rd6 Nb6 21. Nxb6 axb6 22. Qxa6 Rxa6 23. Rhd1 b5 24. Rd7 Raf6 25. R7d6 Rxd6 26. Rxd6 Be5 27. Rd8+ Rf8 28. Rxf8+ Kxf8 29. Ne6+ Ke7 30. Nxc5 b6 31. Nb3 Bh2 32. Kc2 Bg1 33. Nd4 Bxf2 34. Kd2 b4 35. Nc6+ Kd6 36. Nxb4 g5 37. Ke2 Bg1 38. g3 h5 39. Nc2 h4 40. Nd4 Ke5 41. gxh4 gxh4 42. b4 f4 43. exf4+ Kxf4 44. Ne6+ Kg3 45. Ng5 b5 46. c4 bxc4 47. b5 Bb6 48. Nxe4+ Kxh3 49. Kf3 Kh2 50. a4 h3 51. Nf2 c3 52. Ng4+ Kg1 53. Ke2 Kg2 54. Kd3 Kg3 55. Nf6 h2 56. Nd5 h1Q 57. Nxb6 Qe1 58. Nc4 Qd1+ 59. Kxc3 Qxa4 60. b6 Qc6 61. Kb4 Kf4 62. Kb3 Ke4 0-1

[Event "Milan Palladino Memorial"]
[Site "Milan"]
[Date "2011.04.22"]
[Round "2"]
[White "Barberi, Alessandro"]
[Black "Nicolo, Filippo"]
[Result "1-0"]
[WhiteElo "2077"]
[BlackElo "2024"]
[PlyCount "69"]
[EventDate "2011.04.21"]
[EventType "swiss"]
[EventRounds "7"]
[EventCountry "ITA"]
[SourceTitle "EXT 2023"]
[Source "ChessBase"]
[SourceDate "2022.10.05"]
[SourceVersion "1"]
[SourceVersionDate "2022.10.05"]
[SourceQuality "1"]

1. d4 f5 2. Nc3 d5 3. f3 Nf6 4. Bg5 Nc6 5. Qd2 e6 6. 0-0-0 Bb4 7. e3 0-0 8. Bd3 a6 9. Nge2 b5 10. h3 Na5 11. a3 Nc4 12. Bxc4 Bxc3 13. Nxc3 bxc4 14. e4 Qd7 15. e5 Ne8 16. g4 Rb8 17. Rdg1 Kh8 18. Rg2 Qc6 19. Rhg1 Qb7 20. Nd1 c6 21. c3 Qf7 22. f4 Nc7 23. Bh4 Ne8 24. Ne3 Bd7 25. Kb1 Rb3 26. Ka1 a5 27. Bd8 Rb5 28. gxf5 exf5 29. Qe1 Be6 30. Qh4 Rb7 31. Nf1 Rg8 32. Ng3 Nc7 33. Bxc7 Qxc7 34. Nh5 g6 35. Qf6+ 1-0

[Event "Milan Crespi op-A 31st"]
[Site "Milan"]
[Date "2010.12.10"]
[Round "8"]
[White "Barberi, Alessandro"]
[Black "Melotti, Dario"]
[Result "1/2-1/2"]
[WhiteElo "2077"]
[BlackElo "2087"]
[PlyCount "77"]
[EventDate "2010.12.04"]
[EventType "swiss"]
[EventRounds "9"]
[EventCountry "ITA"]
[SourceTitle "CBM 139 Extra"]
[Source "ChessBase"]
[SourceDate "2011.01.05"]
[SourceVersion "1"]
[SourceVersionDate "2011.01.05"]
[SourceQuality "1"]

1. d4 Nf6 2. Nf3 g6 3. g3 Bg7 4. Bg2 0-0 5. c4 d6 6. Nc3 Nbd7 7. 0-0 e5 8. e4 c6 9. h3 Qb6 10. dxe5 dxe5 11. Qc2 Qb4 12. b3 a5 13. a3 Qe7 14. Be3 b6 15. Na4 Rb8 16. c5 b5 17. Nb6 Ba6 18. Rfd1 Rfd8 19. Nxd7 Rxd7 20. Rxd7 Nxd7 21. b4 a4 22. Rd1 Nf6 23. Rd6 Bb7 24. Qd3 h6 25. Bc1 Ne8 26. Rd7 Qe6 27. Bb2 Bf6 28. Qd1 Bc8 29. Rd3 Bg7 30. g4 g5 31. Nh2 Rb7 32. Nf1 Rd7 33. Ne3 Rxd3 34. Qxd3 Qd7 35. Qc2 f6 36. Nf5 Bf8 37. Bf3 Qd8 38. Kg2 Be6 39. Bc3 1/2-1/2

[Event "Milan Crespi op-A 31st"]
[Site "Milan"]
[Date "2010.12.07"]
[Round "4"]
[White "Barberi, Alessandro"]
[Black "Valenti, Giuseppe"]
[Result "1-0"]
[WhiteElo "2077"]
[BlackElo "2122"]
[PlyCount "83"]
[EventDate "2010.12.04"]
[EventType "swiss"]
[EventRounds "9"]
[EventCountry "ITA"]
[SourceTitle "CBM 139 Extra"]
[Source "ChessBase"]
[SourceDate "2011.01.05"]
[SourceVersion "1"]
[SourceVersionDate "2011.01.05"]
[SourceQuality "1"]

1. d4 d6 2. Nf3 Nd7 3. e4 e5 4. c3 Ngf6 5. Bd3 Be7 6. 0-0 0-0 7. Qe2 h6 8. Rd1 c6 9. Nbd2 Re8 10. dxe5 dxe5 11. Nc4 Qc7 12. b4 b5 13. Ne3 Nb6 14. a3 a5 15. Rb1 axb4 16. cxb4 Bf8 17. Bb2 Bd7 18. Rbc1 Qb8 19. Nd2 Na4 20. Nb3 Qb6 21. Bb1 Ra7 22. Qc2 Be6 23. Nc5 Nxc5 24. bxc5 Qb8 25. Nf5 Bxf5 26. exf5 Ra4 27. Ba2 Qa7 28. Bb3 Re4 29. g3 h5 30. Rd3 Rg4 31. Kg2 h4 32. h3 Rg5 33. g4 Nh5 34. Re3 Nf4+ 35. Kh2 Qc7 36. Qe4 g6 37. Bxe5 Rxe5 38. Qxf4 Bg7 39. Rce1 Rxe3 40. Qxc7 Rxe1 41. Qxf7+ Kh7 42. f6 1-0

[Event "Codogno op 2nd"]
[Site "Codogno"]
[Date "2010.09.26"]
[Round "4"]
[White "Barberi, Alessandro"]
[Black "Quagliarella, Sabino Remo"]
[Result "1-0"]
[WhiteElo "2079"]
[BlackElo "1916"]
[PlyCount "73"]
[EventDate "2010.09.24"]
[EventType "swiss"]
[EventRounds "5"]
[EventCountry "ITA"]
[SourceTitle "CBM 138 Extra"]
[Source "ChessBase"]
[SourceDate "2010.10.29"]
[SourceVersion "1"]
[SourceVersionDate "2010.10.29"]
[SourceQuality "1"]

1. d4 d5 2. Nf3 Nf6 3. e3 e6 4. b3 Be7 5. Bb2 0-0 6. Bd3 Nbd7 7. Nbd2 c5 8. 0-0 b6 9. Qe2 Bb7 10. Ne5 Rc8 11. f4 Ne4 12. Rad1 Ndf6 13. g4 Nxd2 14. Rxd2 Ne4 15. Bxe4 dxe4 16. dxc5 Qc7 17. Rd7 Qxd7 18. Nxd7 Rfd8 19. Ne5 Bxc5 20. g5 Bb4 21. Rd1 Bc5 22. Rd7 Rxd7 23. Nxd7 Be7 24. a3 Bc6 25. Ne5 Be8 26. Qg2 f5 27. gxf6 Bxf6 28. Qxe4 Rd8 29. Bd4 Bh5 30. c4 Be8 31. b4 Bh5 32. c5 bxc5 33. bxc5 g5 34. fxg5 Bxg5 35. Qg2 h6 36. h4 Rb8 37. hxg5 1-0

[Event "Milan Epiphany op"]
[Site "Milan"]
[Date "2010.01.06"]
[Round "6"]
[White "Barberi, Alessandro"]
[Black "Gagliardi, Christian"]
[Result "0-1"]
[WhiteElo "2112"]
[BlackElo "2222"]
[PlyCount "102"]
[EventDate "2010.01.02"]
[EventType "swiss"]
[EventRounds "7"]
[EventCountry "ITA"]
[SourceTitle "EXT 2024"]
[Source "ChessBase"]
[SourceDate "2023.10.10"]
[SourceVersion "1"]
[SourceVersionDate "2023.10.10"]
[SourceQuality "1"]

1. d4 Nf6 2. Nf3 g6 3. g3 Bg7 4. Bg2 0-0 5. c4 d6 6. Nc3 Nc6 7. e4 a6 8. h3 Rb8 9. a4 a5 10. 0-0 Nd7 11. Be3 e5 12. d5 Nb4 13. Ne1 f5 14. exf5 gxf5 15. f4 exf4 16. gxf4 Qe7 17. Rf3 Nf6 18. Rg3 Bd7 19. Nc2 Nxc2 20. Qxc2 Nh5 21. Rf3 c5 22. Bf2 Bf6 23. Kh2 Kh8 24. Re1 Qg7 25. Rg1 Qh6 26. Qd2 Rg8 27. Ne2 b6 28. b3 Bg7 29. Ng3 Nf6 30. Rd3 Ng4+ 31. Kh1 Nxf2+ 32. Qxf2 Bd4 33. Rxd4 cxd4 34. Ne2 Qf6 35. Nxd4 Rge8 36. Rd1 Re7 37. Nc6 Bxc6 38. dxc6 Qc3 39. Rxd6 Rg8 40. Kh2 Reg7 41. Bd5 Re8 42. Rd7 Rge7 43. Bf3 Re3 44. Bg2 Re2 45. Qh4 Rxg2+ 46. Kxg2 Rg8+ 47. Qg5 Rxg5+ 48. fxg5 Qc2+ 49. Kg1 Qc1+ 50. Kf2 Qf4+ 51. Kg1 Qxg5+ 0-1